000 00604pam a2200229 a 4500
001 2910940
005 20180814033344.0
008 880803s1988 dcua b 001 0 eng c
010 _a 88024227
020 _a1555810047
040 _aDNLM/DLC
_cDLC
_dDLC
041 _aeng
060 _aQH 443 G3281
080 _a575.13
082 0 0 _a575.13
_219
100 _a6
101 _agen
245 0 0 _aGenetic recombination :
504 _aIncludes bibliographies and index.
906 _a7
_bcbc
_corignew
_d1
_eocip
_f19
_gy-gencatlg
942 _2ddc
_cBK
999 _c47067
_d47067